Los amantes
Saved in:
| Hovedforfatter: | |
|---|---|
| Format: | Bog |
| Sprog: | spansk |
| Udgivet: |
Buenos Aires
Javier Vergara Editor
1992
|
| Udgivelse: | 1a. ed |
| Fag: | |
| Tags: |
Tilføj Tag
Ingen Tags, Vær først til at tagge denne postø!
|
MARC
| LEADER | 00000cam a2200000 a 4500 | ||
|---|---|---|---|
| 001 | UCE9777 | ||
| 003 | CL-VaPUC | ||
| 008 | 151106e19920000ag |||||||||||||||||spa|d | ||
| 020 | |a 9501512428 | ||
| 082 | 0 | 4 | |a A823 |b WES |2 21 |
| 100 | 0 | |a West, Morris |e author |9 582709 | |
| 245 | 1 | 4 | |a Los amantes |
| 250 | |a 1a. ed | ||
| 300 | |a 294 p | ||
| 942 | |c BK | ||
| 945 | |d 20151106 14:16:00 |a dcastane | ||
| 260 | |a Buenos Aires |b Javier Vergara Editor |c 1992 | ||
| 650 | 0 | |a Novelas australianas |9 315909 | |
| 650 | 0 | |a Literatura australiana |9 353685 | |
| 583 | |a last modification |c 20151106 14:16:00 |k Rodrigo Vera | ||
| 999 | |c 361422 |d 361420 | ||
| 952 | |0 0 |1 0 |3 erb |4 0 |6 A_823_000000000000000_WES_1992 |7 0 |8 A |9 471933 |a BIBEDU |b BIBEDU |i 5210550 |l 1 |o A823 WES 1992 |p 5210550 |r 2023-03-23 |s 2023-03-17 |w 2019-11-24 |y BK |z Catalogado en:20151106 |k EDU | ||